<?xml version="1.0" encoding="UTF-8"?>
<record
    xmlns:xsi="http://www.w3.org/2001/XMLSchema-instance"
    xsi:schemaLocation="http://www.loc.gov/MARC21/slim http://www.loc.gov/standards/marcxml/schema/MARC21slim.xsd"
    xmlns="http://www.loc.gov/MARC21/slim">

  <leader>00273nam a2200097 a 4500</leader>
  <controlfield tag="005">20200930070456.0</controlfield>
  <controlfield tag="008">110907s1778                  000   spa d</controlfield>
  <datafield tag="245" ind1=" " ind2="3">
    <subfield code="a">El sue&#xF1;o de Luciano samosatense, que es la vida de Luciano....</subfield>
  </datafield>
  <datafield tag="260" ind1=" " ind2=" ">
    <subfield code="a">Madrid,</subfield>
    <subfield code="c">1778.</subfield>
  </datafield>
  <datafield tag="999" ind1=" " ind2=" ">
    <subfield code="c">33220</subfield>
    <subfield code="d">33220</subfield>
  </datafield>
  <datafield tag="040" ind1=" " ind2=" ">
    <subfield code="a">DO-SdBNP</subfield>
  </datafield>
</record>
